El alma de todo apostolado / (Record no. 52267)
[ view plain ]
| 000 -LEADER | |
|---|---|
| campo de control de longitud fija | 00635nam a2200217 i 4500 |
| 001 - NÚMERO DE CONTROL | |
| campo de control | 52267 |
| 003 - IDENTIFICADOR DE NÚMERO DE CONTROL | |
| campo de control | ES-MaACL |
| 005 - FECHA Y HORA DE LA ÚLTIMA TRANSACCIÓN | |
| campo de control | 20251211063017.0 |
| 007 - CAMPO FIJO DE DESCRIPCIÓN FÍSICA--INFORMACIÓN GENERAL | |
| campo de control de longitud fija | t| |
| 008 - DATOS DE LONGITUD FIJA--INFORMACIÓN GENERAL | |
| campo de control de longitud fija | 030827s1955 sp ||||1| spa d |
| 100 0# - ENTRADA PRINCIPAL--NOMBRE DE PERSONA | |
| Nombre de persona | Chautard, Jean Baptiste, |
| Títulos y otros términos asociados al nombre | abad |
| 9 (RLIN) | 38216 |
| 245 13 - MENCIÓN DEL TÍTULO | |
| Título | El alma de todo apostolado / |
| Mención de responsabilidad, etc. | J.B. Chautard ; traducido por Manuel Onieva. |
| 250 ## - MENCION DE EDICION | |
| Mención de edición | 9ª ed. |
| 260 ## - PUBLICACIÓN, DISTRIBUCIÓN, ETC. | |
| Lugar de publicación, distribución, etc. | San Sebastián : |
| Nombre del editor, distribuidor, etc. | Dinor, |
| Fecha de publicación, distribución, etc. | 1955 ( |
| Lugar de fabricación/manufactura | Pamplona : |
| Fabricante | Gómez) |
| 300 ## - DESCRIPCIÓN FÍSICA | |
| Extensión | 286 p. |
| 490 1# - MENCIÓN DE SERIE | |
| Mención de serie | Prisma |
| 700 1# - ENTRADA AGREGADA--NOMBRE PERSONAL | |
| Nombre de persona | Onieva, Manuel. |
| 9 (RLIN) | 87082 |
| 830 00 - PUNTO DE ACCESO ADICIONAL DE SERIE-TÍTULO UNIFORME | |
| Título uniforme | Prisma |
| 9 (RLIN) | 180749 |
| 852 ## - LOCALIZACIÓN | |
| Ubicación | ES-MaACL |
| Número de control de estantería | C-10601 |
| Sublocalización o colección | R.38546 |
| Estatus retirado | Estado de pérdida | Estado de daño | No para préstamo | Biblioteca de origen | Biblioteca actual | Ubicación en estantería | Fecha de adquisición | Fuente de adquisición | Total de préstamos | Signatura topográfica completa | Código de barras | Visto por última vez | Precio de reemplazo | Tipo de ítem Koha |
|---|---|---|---|---|---|---|---|---|---|---|---|---|---|---|
| Biblioteca del Ateneo de Madrid | Biblioteca del Ateneo de Madrid | Sala Palomar | 17/01/2008 | C-10601 | 1054947 | 23/02/2023 | 23/02/2023 | Libro impreso |
